000 00328nam a2200157Ia 4500
100 _aAhson/Syed A/ Ilyas/Mohammad
650 _aHandbook
942 _cRB
366 _f20
245 _aVO IP Handbook:Applications
260 _bCRC
_c2013
082 _a384.5
_bAHS
300 _a454
546 _aENGLISH
_cTTL
999 _c32322
_d32322